Cryptic Geography: Cities (4) - Statistics

General Stats
  • This quiz has been taken 9 times
  • The average score is 10 of 15
Answer Stats
Clue City % Correct
Hundreds do war dance in the Indian subcontinent Dhaka
86%
John eats an endless burger; it's Spain inside southern Africa Johannesburg
86%
Animation we hear on the Nile Khartoum
86%
Oriental megacity is back, split, to execute and laugh inside Shanghai
86%
In USA, end falls off home, replaced by arrival of 1,000kg Houston
71%
Oak back to devour the north of Nigeria Kano
71%
Toilet, we hear, and a southern African city Luanda
71%
Crazy? Cleanse yourself of real capital Madrid
71%
We hear about cravat salary in this oriental capital Taipei
71%
Tasty-sounding inland megacity in Asia Delhi
57%
Sierra and Zulu both bring a female chicken to Chinese tech hub Shenzhen
57%
A French mass contained in monarch of China Kunming
43%
Explosive, yes - but that's the old name of this Asian metropolis Mumbai
43%
The east is in the heart of this metropolis in the east Seoul
43%
Being Spanish, my friend doesn't go to America Miami
29%
No matching quizzes found
Score Distribution
Percent of People with Each Score
Percentile by Number Answered
Your Score History
You have not taken this quiz